000 00616nam a2200229 i 4500
001 C2-0100958
003 PPAK
005 20180727095443.0
008 970531s1983 enk |||| ||||| | eng d
020 _a0246121300
040 _aPPAK
_beng
_cPPAK
_erda
082 0 4 _a001.6404
_223
090 0 0 _a001.6404
_bSIN
_dG
100 1 _aSinclair, Ian,
_eauthor
245 1 4 _aThe ORIC - 1 and how to get the most from it
264 1 _aLondon :
_bGranada ,
_c1983
300 _avii, 134 pages ;
_c24 cm
336 _2rdacontent
_atext
337 _2rdamedia
_aunmediated
338 _2rdacarrier
_avolume
942 _ddc
_cB
999 _c23012
_d23012